000 00826nam a2200301Ia 4500
001 19937
003 IT-RoPAU
008 130308s9999 xx 000 0 und d
040 _aIT-RoPAU
040 _cIT-RoPAU
041 _aINGLESE
100 _aCritchley MacDonald
100 _gCodice Aut. SPICS: 7700
245 _aOccupational palsies in musical performers
245 _bMusic And The Brain-Studies in The Neurology Of Music
250 _a1a ed.
260 _aLONDON
260 _bHeinemann William
260 _c1980 [1° Ed.:1977 - Ed.Ling.Originale:1977]
300 _a"13 p. (prefazione: no ; testo: 13 [pagine: 365-377])"
500 _aParalisi in musicisti
650 _aSAGGI MUSICALI
650 _eCodice materia Spics: 7011
942 _cBK
957 _71
999 _c60232
_d60232
999 _bSI
999 _g1